| 000 | 00452nam a2200181Ia 4500 | ||
|---|---|---|---|
| 005 | 20230110120130.0 | ||
| 008 | 131103s9999 xx 000 0 und d | ||
| 040 | _aLoreto College | ||
| 041 | _aEnglish | ||
| 082 |
_a813.54 _bPOT |
||
| 100 | _aPotok,Chaim | ||
| 245 | 4 |
_aThe Chosen _cChaim Potok |
|
| 260 |
_aHarmondsworth _bPenguin Books _c1970 |
||
| 300 | _a281 p. | ||
| 650 | _aAmerican Fiction - 20th Century | ||
| 850 | _aLCLIB | ||
| 942 | _cBK | ||
| 999 |
_c12064 _d62543 |
||